[Event "Olympiad Women-43"]
[Site "Batumi"]
[Date "2018.10.02"]
[Round "8.4"]
[White "Granados Ortiz, Maria Jose"]
[Black "Thapa, Khusbu"]
[Result "1-0"]
[WhiteElo "1632"]
[BlackElo "1411"]
[PlyCount "153"]
[EventDate "2018.09.24"]
[EventType "team-swiss"]
[EventRounds "11"]
[EventCountry "GEO"]
[SourceTitle "EXT 2020"]
[Source "ChessBase"]
[SourceDate "2019.10.17"]
[SourceVersion "1"]
[SourceVersionDate "2019.10.17"]
[SourceQuality "1"]
[WhiteTeam "Nicaragua (W)"]
[BlackTeam "Nepal (W)"]
[WhiteTeamCountry "NCA"]
[BlackTeamCountry "NEP"]

1. e4 d5 2. exd5 Nf6 3. d4 Nxd5 4. Nf3 Bg4 5. Be2 Bxf3 6. Bxf3 c6 7. 0-0 g6 8. c3 Bg7 9. Qb3 Nb6 10. Be3 e6 11. Nd2 0-0 12. Ne4 N8d7 13. Bf4 Nd5 14. Bd6 Re8 15. Qxb7 N7b6 16. Bc5 Na4 17. Qxc6 Nxc5 18. Nxc5 Rc8 19. Qd7 Qxd7 20. Nxd7 Red8 21. Bxd5 Rxd7 22. Bb3 Rb8 23. Rfd1 a5 24. Rd2 Ra7 25. Ba4 Rab7 26. b3 Rd8 27. Rad1 Rb6 28. c4 Rbd6 29. d5 exd5 30. Rxd5 Rxd5 31. Rxd5 Rxd5 32. cxd5 Bf8 33. Kf1 Kg7 34. Ke2 Kf6 35. Bc6 Ke5 36. Kd3 Bc5 37. f3 f6 38. Kc4 Bb4 39. Kb5 Kd6 40. a3 Bc3 41. Kc4 Be1 42. b4 axb4 43. axb4 Bf2 44. Kb5 Kc7 45. Ka6 Be3 46. Ba8 Bd4 47. b5 Bc5 48. b6+ Kb8 49. Bc6 Bd6 50. g3 g5 51. Kb5 h5 52. Be8 h4 53. gxh4 gxh4 54. h3 Kb7 55. Bc6+ Kb8 56. Kc4 Be7 57. Kd4 Bd6 58. Ke4 Be7 59. Kf5 Bd8 60. Kg4 f5+ 61. Kxf5 Bxb6 62. f4 Kc7 63. Ke6 Bc5 64. f5 Bf8 65. Kf7 Bc5 66. f6 Kd8 67. Kg8 Kc7 68. f7 Kd8 69. f8Q+ Bxf8 70. Kxf8 Kc7 71. Ke7 Kb8 72. d6 Kc8 73. d7+ Kb8 74. d8Q+ Ka7 75. Qa5+ Kb8 76. Qa8+ Kc7 77. Qb7# 1-0